Building code requirements for structural concrete (ACI 318-05) and commentary (ACI 318R-05) : [an ACI standart] reported by ACI Committee 318
Gardado en:
| Autor Corporativo: | |
|---|---|
| Formato: | Libro |
| Publicado: |
Farmington Hills : ACI,
[200?]
|
| Materias: | |
| Etiquetas: |
Engadir etiqueta
Sen Etiquetas, Sexa o primeiro en etiquetar este rexistro!
|
MARC
| LEADER | 00000nam a2200000Ia 4500 | ||
|---|---|---|---|
| 003 | 00006 | ||
| 005 | 20221231144016.0 | ||
| 008 | 140114s200? xx a 000 ||e d | ||
| 040 | |c cru CEDI | ||
| 082 | |a 693.54 A512bd | ||
| 110 | |9 18911 |a American Concrete Institute (Estados Unidos).. Committee 318 | ||
| 245 | |a Building code requirements for structural concrete (ACI 318-05) and commentary (ACI 318R-05) : [an ACI standart] reported by ACI Committee 318 | ||
| 260 | |a Farmington Hills : ACI, |c [200?] | ||
| 300 | |a 443 páginas : ilustraciones |b fotocopia | ||
| 500 | |a Subtítulo: Tomado de la cubierta | ||
| 650 | |x CONSTRUCCIONES DE HORMIGON ARMADO |x ESPECIFICACIONES |x NORMAS |9 18912 | ||
| 942 | |2 ddc |c BK | ||
| 999 | |c 15563 |d 15563 | ||
